| 000 | 00911nam a2200241 a 4500 | ||
|---|---|---|---|
| 001 | 000040161 | ||
| 005 | 20201002033944.0 | ||
| 008 | 100311s1969 sp 000 d spa d | ||
| 040 |
_aDO-SdBNP _bspa _cBNPHU |
||
| 082 |
_a862.3 _bV436r, 1969 |
||
| 100 | 1 |
_aVélez de Guevara, Luis, _d1579-1644 _94138 |
|
| 245 | 1 | 0 |
_aReinar después de morir / : _bEl diablo está en Cantillana / _cLuis Vélez de Guevara ; edición, prólogo y notas de Manuel Muñoz Cortés. |
| 250 | _a3a. ed. | ||
| 260 |
_aMadrid : _bEspasa-Calpe, _c1969. |
||
| 300 |
_a204 p. ; _c18 cm. |
||
| 490 | 1 |
_aClásicos castellanos _v132 |
|
| 504 | _aIncluye referencias bibliográficas y notas al pie de las páginas. | ||
| 650 | 4 |
_aNovela española _91123 |
|
| 650 | 4 |
_aLiteratura española _9632 |
|
| 740 | 3 | 2 | _aEl diablo está en Cantillana |
| 700 | 1 | 2 |
_aMuñoz Cortéz, Manuel, _epról. _937346 |
| 830 | 0 |
_aClásicos castellanos ; _n132 _966434 |
|
| 999 |
_c39651 _d39651 |
||